004530000a220010900045001000019000002450132000193000044001517730033001959420008002289520090002369990017003261 aBreivik, N. O.10aGod, reality and teligions : The understanding of God and reality in other religions and some assessments of their truth claims aVol. 4, Núm 1 (1995), Páginas 45-530 tEuropean Journal of Theology cANA 001040708HEMaFUSBCbFUSBCd2016-01-26l0o r2016-01-26 00:00:00w2016-01-26yANA c54066d54066